[Event "Tourn. n9301"]
[Site "www.chess-mail.com"]
[Date "2017.05.07"]
[Round "1"]
[White "Picifarkinca"]
[Black "Roserl"]
[WhiteElo "2010"]
[BlackElo "2180"]
[Result "0-1"]
[Round "1"]
1.c4 Ng8f6
2.g3 g6
3.Bf1g2 Bf8g7
4.Nb1c3 O-O
5.Ng1f3 c6
6.O-O d5
7.cxd5 cxd5
8.d4 a6
9.Bc1f4 Nb8c6
10.Nf3e5 Qd8b6
11.Ne5xc6 bxc6
12.Qd1d2 Nf6d7
13.e3 e5
14.Bf4xe5 Nd7xe5
15.dxe5 Bg7xe5
16.Ra1d1 Bc8g4
17.f3 Bg4e6
{ resign }
0-1

[Event "Tourn. n9295"]
[Site "www.chess-mail.com"]
[Date "2017.05.07"]
[Round "1"]
[White "Francesco"]
[Black "Xkafi"]
[WhiteElo "2070"]
[BlackElo "2020"]
[Result "1/2-1/2"]
[Round "1"]
1.e4 e5
2.Ng1f3 Qd8f6
3.d4 exd4
4.Qd1xd4 Nb8c6
5.Qd4d1 Bf8b4
6.c3 Bb4a5
7.Bc1g5 Qf6g6
8.Nb1d2 Ng8f6
9.e5 Nc6xe5
10.Qd1a4 Ba5b6
11.Qa4h4 Ne5g4
12.O-O-O Ng4xf2
13.Rd1e1 Kf8
14.Bg5xf6 gxf6
15.Rh1g1 d6
16.Qh4a4 Bc8f5
17.Nf3h4 Qg6h5
18.g3 Bf5d3
19.Qa4d7 Bd3xf1
20.Re1xf1 Qh5e2
21.Nh4f3 Ra8e8
22.Rf1e1 Nf2d3
23.Kb1 Nd3xe1
24.Rg1xe1 Qe2d3
25.Kc1 Re8xe1
26.Nf3xe1 Qd3e2
27.Ne1f3 h5
28.Qd7f5 Ke7
29.a4 a5
30.Nd2e4 Qe2f1
31.Kc2 Rh8h6
32.Qf5f4 Qf1e2
33.Kb3 Qe2d1
34.Ka3 Rh6g6
35.Nf3h4 Rg6g4
36.Qf4xf6 Kf8
37.Qf6h8 Rg4g8
38.Qh8h6 Rg8g7
39.Qh6h8 Rg7g8
40.Nh4g6 fxg6
41.Qh8f6 Ke8
42.Qf6e6 Kd8
43.Qe6xg8 Kd7
44.Qg8xg6 Kc6
45.Qg6e8 { draw }
1/2-1/2

[Event "Tourn. n9365"]
[Site "www.chess-mail.com"]
[Date "2017.05.07"]
[Round "1"]
[White "Cjood"]
[Black "Bojan"]
[WhiteElo "2100"]
[BlackElo "2000"]
[Result "0-1"]
[Round "1"]
1.c4 Ng8f6
2.g3 d5
3.Bf1g2 c6
4.cxd5 Nf6xd5
5.Bg2xd5 Qd8xd5
6.Ng1f3 e5
7.Nb1c3 Qd5a5
8.e4 f6
9.O-O Bc8h3
10.Rf1e1 Nb8a6
11.a3 O-O-O
12.Qd1c2 g5
13.Nc3d5 Bf8g7
14.Nd5e7 Kb8
15.Qc2xc6 Rh8e8
16.Qc6c4 Re8xe7
17.d3 Re7c7
18.Qc4a2 Qa5b6
19.Bc1e3 Qb6b5
20.Ra1d1 h6
21.a4 Qb5e8
22.b3 Na6b4
23.Qa2d2 Nb4xd3
24.Be3xa7 Kxa7
25.Qd2e3 Nd3c5
26.Rd1xd8 Qe8xd8
27.b4 Bg7f8
28.Re1c1 b6
29.a5 Nc5a4
30.Rc1a1 Kb8
31.axb6 Rc7b7
32.Ra1xa4 Qd8d1
33.Qe3e1 Qd1xa4
34.Nf3d2 Qa4xb4
{ resign }
0-1

[Event "Match"]
[Site "www.echecsemail.com"]
[Date "2017.05.07"]
[Round "1"]
[White "Raulazo"]
[Black "Whitekknight"]
[WhiteElo "1830"]
[BlackElo "1930"]
[Result "1-0"]
[Round "1"]
1.c4 c6
2.d4 d5
3.c5 Nb8d7
4.Ng1f3 a5
5.g3 b6
6.Bf1g2 bxc5
7.O-O e6
8.Bc1g5 Bf8e7
9.Bg5f4 Ng8f6
10.Rf1e1 O-O
11.Nb1c3 c4
12.Qd1c2 Kh8
13.g4 Nf6xg4
14.e4 dxe4
15.Nc3xe4 Nd7b6
16.h3 Ng4f6
17.Bf4g5 Bc8a6
18.Bg5xf6 Be7xf6
19.Ra1d1 Bf6e7
20.Nf3e5 Ra8c8
21.Ne4c3 Nb6d5
22.Bg2xd5 cxd5
23.Kh1 f6
24.Ne5f3 g6
25.Re1xe6 Ba6b7
26.Rd1g1 Rf8g8
27.Rg1e1 Rc8c7
28.Re1g1 Bb7c8
29.Re6e3 Bc8xh3
30.Nf3e1 Bh3f5
31.Qc2a4 Rc7a7
32.Qa4c6 Ra7d7
33.Ne1g2 Rd7d6
34.Qc6b7 Rg8g7
35.Rg1e1 Rd6d7
36.Qb7b5 h5
37.b3 Bf5d3
38.Ng2f4 Bd3f5
39.Nc3xd5 Kh7
40.bxc4 Kh6
41.a4 Be7d6
42.Re3e8 { resign }
1-0

[Event "Match"]
[Site "www.echecsemail.com"]
[Date "2017.05.07"]
[Round "1"]
[White "Pinehill"]
[Black "Motorhead99"]
[WhiteElo "2010"]
[BlackElo "1599"]
[Result "1-0"]
[Round "1"]
1.e4 c5
2.Ng1f3 d6
3.d4 cxd4
4.Nf3xd4 Ng8f6
5.Nb1c3 e6
6.Bf1b5 Bc8d7
7.Bc1e3 a6
8.Bb5xd7 Qd8xd7
9.f3 Nb8c6
10.Qd1d2 Ra8c8
11.O-O-O Bf8e7
12.Kb1 O-O
13.g4 Rf8d8
14.h4 h6
15.g5 hxg5
16.hxg5 Nf6e8
17.Qd2h2 { resign }
1-0

[Event "Match"]
[Site "www.echecsemail.com"]
[Date "2017.05.07"]
[Round "1"]
[White "Claymil"]
[Black "86eamon"]
[WhiteElo "2050"]
[BlackElo "1569"]
[Result "1-0"]
[Round "1"]
1.c4 f6
2.Nb1c3 e5
3.g3 c6
4.Bf1g2 d6
5.e3 h5
6.Ng1e2 Ng8e7
7.O-O Bc8e6
8.b3 g6
9.d4 b5
10.cxb5 exd4
11.Ne2xd4 Be6g4
12.Qd1c2 c5
13.Bg2xa8 cxd4
14.exd4 d5
15.Rf1e1 { resign }
1-0

[Event "Match"]
[Site "www.echecsemail.com"]
[Date "2017.05.07"]
[Round "1"]
[White "Motorhead99"]
[Black "Wagner"]
[WhiteElo "1599"]
[BlackElo "1840"]
[Result "1-0"]
[Round "1"]
1.e4 e5
2.Ng1f3 Bf8d6
3.Bf1c4 Qd8f6
4.Nb1c3 c6
5.d4 b5
6.Bc4b3 exd4
7.Bc1g5 Qf6g6
8.Qd1xd4 c5
9.Bb3xf7 Qg6xf7
10.Qd4xd6 Ng8e7
11.Nc3xb5 Nb8a6
12.O-O-O h6
13.Nf3e5 Qf7e6
14.Qd6xe6 dxe6
15.Nb5d6 Kf8
16.Bg5xe7 Kg8
17.Nd6f7 Bc8b7
18.Nf7xh8 Kxh8
19.Rd1d8 Ra8xd8
20.Ne5f7 { resign }
1-0

[Event "Match"]
[Site "www.echecsemail.com"]
[Date "2017.05.07"]
[Round "1"]
[White "Cal"]
[Black "Sonny1000"]
[WhiteElo "1700"]
[BlackElo "1340"]
[Result "1-0"]
[Round "1"]
1.c4 e5
2.e4 Ng8f6
3.d3 Bf8b4
4.Bc1d2 Bb4xd2
5.Qd1xd2 Nf6g4
6.h3 Ng4xf2
7.Qd2xf2 f6
8.Nb1c3 c6
9.Ng1f3 h6
10.Bf1e2 Rh8f8
11.b4 Qd8b6
12.Qf2g3 g5
13.a3 a6
14.c5 Qb6c7
15.O-O a5
16.Ra1c1 axb4
17.axb4 Ra8a3
18.b5 Qc7a5
19.bxc6 dxc6
20.h4 g4
21.Nf3h2 Ra3a2
22.Be2xg4 Qa5xc5
23.Kh1 Bc8xg4
24.Nh2xg4 Rf8g8
25.Ng4xf6 Kf8
26.Qg3xg8 Ke7
27.Qg8e8 Kd6
28.Qe8xb8 Ke6
29.Nc3xa2 Qc5e7
30.Qb8g8 Kd6
31.Nf6e8 Kd7
32.Rf1f7 Kd8
33.Ne8f6 Kc7
34.Rf7xe7 Kb6
35.Qg8d8 Ka7
36.Na2b4 c5
37.Rc1a1 { resign }
1-0

[Event "1/128 Finale"]
[Site "www.chess-mail.com"]
[Date "2017.05.07"]
[Round "1"]
[White "Cjood"]
[Black "Esperanza"]
[WhiteElo "1699"]
[BlackElo "1970"]
[Result "1-0"]
[Round "1"]
1.Ng1f3 Ng8f6
2.g3 g6
3.c4 Bf8g7
4.d4 O-O
5.Nb1c3 d6
6.e4 e5
7.d5 Nb8d7
8.b4 a5
9.b5 Nd7c5
10.Qd1c2 Nf6xe4
11.Nc3xe4 Nc5xe4
12.Qc2xe4 f5
13.Qe4e3 f4
14.Qe3c3 fxg3
15.hxg3 Qd8f6
16.Bf1g2  { time }
1-0

[Event "1/32 Finale"]
[Site "www.chess-mail.com"]
[Date "2017.05.07"]
[Round "1"]
[White "Llord"]
[Black "Autmich"]
[WhiteElo "2020"]
[BlackElo "1840"]
[Result "1-0"]
[Round "1"]
1.e4 e5
2.Ng1f3 Nb8c6
3.Bf1c4 Bf8c5
4.O-O Ng8f6
5.Nb1c3 d6
6.h3 O-O
7.d3 h6
8.Nf3h2 Bc8e6
9.Nc3d5 Be6xd5
10.exd5 Nc6e7
11.Qd1f3 Ne7g6
12.Nh2g4 Nf6xg4
13.Qf3xg4 Qd8f6
14.Bc1e3 Bc5b6
15.Ra1e1 Ng6f4
16.Be3xf4 exf4
17.c3 Rf8e8
18.Re1xe8 Ra8xe8
19.Bc4b5 Re8e5
20.d4 Re5g5
21.Qg4c8 Kh7
22.Bb5d3 g6
23.h4 Rg5xd5
24.Rf1e1 Rd5xd4
25.cxd4 Qf6xd4
26.Bd3xg6 Kxg6
27.Qc8g8 { resign }
1-0

[Event "Eq:Tigers of Istanbul-Slap Shot Mates : "]
[Site "www.chess-mail.com"]
[Date "2017.05.07"]
[Round "1"]
[White "Geretree"]
[Black "Prize640"]
[WhiteElo "1920"]
[BlackElo "2360"]
[Result "1-0"]
[Round "1"]
1.e4 c5
2.Ng1f3 Nb8c6
3.d4 cxd4
4.Nf3xd4 g6
5.Bf1c4 Bf8g7
6.Nd4xc6 bxc6
7.Nb1c3 Qd8c7
8.Qd1f3 Ng8f6
9.O-O O-O
10.Bc1e3 d6
11.h3 Nf6d7
12.Ra1b1 Qc7a5
13.b4 Qa5c7
14.Be3g5 Nd7e5
15.Qf3e2 Ne5xc4
16.Qe2xc4 Bc8e6
17.Qc4d3 a5
18.b5 c5
19.Nc3d5 Be6xd5
20.Qd3xd5 h6
21.b6 Qc7d7
22.Bg5d2  { time }
1-0

[Event "Fast Game"]
[Site "www.echecsemail.com"]
[Date "2017.05.07"]
[Round "1"]
[White "Cjood"]
[Black "Leonger"]
[WhiteElo "1900"]
[BlackElo "1999"]
[Result "0-1"]
[Round "1"]
1.e4 e5
2.Ng1f3 Nb8c6
3.Bf1b5 a6
4.Bb5c4 Ng8f6
5.Nf3g5 d5
6.exd5 Nf6xd5
7.Ng5xf7 Kxf7
8.Qd1f3 Ke6
9.Nb1c3 Nc6e7
10.Qf3g4 Kd6
11.Qg4e4 Bc8f5
12.Qe4f3 Nd5b4
13.O-O Nb4xc2
14.g4 Bf5g6
15.d4 Nc2xd4
16.Rf1d1 c5
17.Qf3xb7 Qd8c8
18.Qb7b6 Ne7c6
19.f4 Qc8xg4
20.Kh1 Ra8b8
21.fxe5 Kd7
22.e6 Kd6
23.Qb6xa6 Bg6e4
24.Nc3xe4 Qg4xe4
25.Kg1 Qe4g4
26.Kh1 Qg4xd1
{ resign }
0-1

[Event "Tourn. n9283"]
[Site "www.chess-mail.com"]
[Date "2017.05.08"]
[Round "1"]
[White "Hundegana"]
[Black "Faerieking"]
[WhiteElo "2070"]
[BlackElo "2200"]
[Result "0-1"]
[Round "1"]
1.e4 e5
2.Ng1f3 Nb8c6
3.Bf1b5 a6
4.Bb5xc6 dxc6
5.O-O Bc8g4
6.h3 Bg4h5
7.g4 Bh5g6
8.d3 Bf8d6
9.Nb1d2 Qd8e7
10.b3 h5
11.g5 Qe7e6
12.Kh2 h4
13.Rf1g1 O-O-O
14.a4 Ng8e7
15.c4 c5
16.Ra1b1 Ne7c6
17.Nd2f1 Bg6h5
18.Bc1e3 Nc6d4
19.Be3xd4 exd4
20.Kg2 f6
21.Qd1d2 Bh5xf3
22.Kxf3 Qe6xh3
23.Ke2 f5
24.exf5 Rd8e8
25.Kd1 Qh3xf5
26.Kc2 Bd6f4
27.Qd2d1 Bf4xg5
28.f3 Bg5f4
29.Rg1xg7 h3
30.Rg7g1 h2
31.Rg1h1 Qf5g5
32.Nf1d2 Qg5g2
33.Rb1b2 Bf4xd2
34.Qd1xd2 Qg2xh1
35.f4 Qh1f3
36.Rb2b1 Re8e2
37.Rb1d1 Re2xd2
38.Kxd2 Qf3xf4
39.Kc2 h1Q
40.Rd1xh1 Qf4f2
{ resign }
0-1

[Event "Tourn. n9352"]
[Site "www.chess-mail.com"]
[Date "2017.05.08"]
[Round "1"]
[White "Szustan"]
[Black "Faerieking"]
[WhiteElo "2550"]
[BlackElo "2260"]
[Result "1-0"]
[Round "1"]
1.e4 e5
2.Ng1f3 Nb8c6
3.Nb1c3 Ng8f6
4.d4 exd4
5.Nc3d5 h6
6.Nf3xd4 Bf8c5
7.Nd4b3 d6
8.Nb3xc5 dxc5
9.Bc1f4 { resign }
1-0

[Event "Tourn. n9204"]
[Site "www.chess-mail.com"]
[Date "2017.05.08"]
[Round "1"]
[White "Greghghs"]
[Black "Marbachess"]
[WhiteElo "2430"]
[BlackElo "2670"]
[Result "1/2-1/2"]
[Round "1"]
1.d4 f5
2.g3 Ng8f6
3.Bf1g2 g6
4.Ng1f3 Bf8g7
5.O-O O-O
6.c4 d6
7.Nb1c3 e6
8.Qd1c2 Nb8c6
9.b3 Qd8e7
10.Bc1b2 e5
11.dxe5 dxe5
12.Nc3d5 Qe7d6
13.Ra1c1 e4
14.Rf1d1 Qd6c5
15.Nf3g5 Nf6g4
16.e3 Ra8b8
17.Bb2xg7 Kxg7
18.Qc2b2 Kh6
19.h3 Ng4e5
20.b4 Qc5d6
21.c5 Qd6d7
22.h4 a6
23.Nd5f4 Qd7g7
24.Qb2b3 Qg7f6
25.Bg2f1 Ne5f7
26.Ng5xf7 Qf6xf7
27.Bf1c4 Qf7g7
28.Nf4e6 Bc8xe6
29.Bc4xe6 Nc6e5
30.Be6c4 Rb8d8
31.Bc4e2 Qg7f7
32.Qb3c3 Qf7f6
33.Kg2 Qf6e6
34.a4 Ne5d3
35.Rc1c2 Rd8d5
36.Qc3c4 { draw }
1/2-1/2

[Event "Tourn. n9158"]
[Site "www.chess-mail.com"]
[Date "2017.05.08"]
[Round "1"]
[White "Pachi"]
[Black "Passaroa25"]
[WhiteElo "1440"]
[BlackElo "1600"]
[Result "1/2-1/2"]
[Round "1"]
1.e4 c6
2.b3 d6
3.Bc1b2 Bc8e6
4.c4 f6
5.Bf1d3 Be6f7
6.b4 e5
7.Ng1f3 Ng8e7
8.b5 Ne7g6
9.Qd1a4 Bf8e7
10.bxc6 Nb8xc6
11.O-O O-O
12.Nb1c3 Ng6f4
13.Nf3e1 Nc6d4
14.g3 Nf4e6
15.Nc3d5 Ne6c5
16.Qa4d1 Qd8e8
17.Nd5c7 Qe8c8
18.Nc7xa8 Qc8xa8
19.Bb2xd4 exd4
20.Ne1f3 Nc5xd3
21.Nf3xd4 Bf7xc4
22.Qd1c2 b5
23.Nd4e6 Qa8xe4
24.Ne6xf8 Kxf8
25.a4 a6
26.axb5 Bc4xb5
27.f3 Qe4d4
28.Kg2 Nd3b4
29.Qc2c8 Bb5e8
30.Ra1b1 Qd4xd2
31.Rf1f2 Qd2d4
32.Rf2e2 a5
33.Qc8b7 Nb4d5
34.Kh1 a4
35.Re2e4 Qd4d3
36.Rb1e1 Qd3xf3
37.Kg1 Qf3b3
38.Re4xe7 Qb3xb7
39.Re7xb7 g5
40.Rb7b8 Nd5e7
41.Re1a1 Ne7c6
42.Rb8b6 Nc6d4
43.Rb6xd6 Nd4f3
44.Kg2 Nf3e5
45.Rd6xf6 Kg7
46.Rf6e6 Be8c6
47.Kf2 Ne5g4
48.Kg1 Bc6b5
49.Ra1c1 Ng4f6
50.Re6e5 h6
51.Re5xb5 a3
52.Rc1a1 Kg6
53.Ra1xa3 Kh5
54.h4 Kg4
55.Kg2 Kh5
56.hxg5 hxg5
57.Rb5f5 Nf6g4
58.Kg1 Ng4h6
59.Rf5b5 Kg4
60.Rb5b4 Kh5
61.Kh2 Nh6g4
62.Kg2 Ng4h6
63.Ra3a6 Nh6g4
64.Ra6a2 Ng4h6
65.Kh3 Nh6f7
66.Ra2a6 Nf7e5
67.g4 Ne5xg4
68.Rb4xg4 
1/2-1/2

[Event "Tourn. n9312"]
[Site "www.chess-mail.com"]
[Date "2017.05.08"]
[Round "1"]
[White "Nulladies"]
[Black "Redapond1"]
[WhiteElo "1900"]
[BlackElo "1700"]
[Result "1-0"]
[Round "1"]
1.d4 d5
2.Bc1f4 Nb8c6
3.e3 Ng8f6
4.Ng1f3 Bc8f5
5.Nf3e5 Nc6xe5
6.dxe5 Nf6d7
7.Nb1c3 Nd7b6
8.Bf1d3 Bf5xd3
9.Qd1xd3 e6
10.O-O-O c6
11.e4 dxe4
12.Qd3xe4 Qd8c7
13.Rd1d3 Bf8b4
14.Qe4xb4 Ra8d8
15.Rd3xd8 Qc7xd8
16.Rh1d1 Qd8h4
17.Rd1d2 g5
18.g3 Qh4g4
19.h3 Qg4xh3
20.Bf4xg5 Qh3f1
21.Rd2d1 { resign }
1-0

[Event "Tourn. n9348"]
[Site "www.chess-mail.com"]
[Date "2017.05.08"]
[Round "1"]
[White "Bojan"]
[Black "Prize64"]
[WhiteElo "1960"]
[BlackElo "2100"]
[Result "0-1"]
[Round "1"]
1.e4 c5
2.Bf1c4 e6
3.Ng1f3 Nb8c6
4.c3 Qd8c7
5.a3 Ng8f6
6.d3 a6
7.h3 b5
8.Bc4b3 Bc8b7
9.Bb3c2 Bf8e7
10.Bc1e3 O-O
11.Be3g5 d6
12.Bg5f4 Nc6e5
13.Nb1d2 Ra8c8
14.b3 c4
15.bxc4 bxc4
16.d4 Ne5xf3
17.Qd1xf3 e5
18.Bf4e3 Qc7a5
19.dxe5 Qa5xc3
20.Ra1a2 dxe5
21.O-O Be7c5
22.Nd2b1 Qc3a5
23.Be3g5 Rc8c6
24.Ra2b2 Rc6b6
25.Bg5d2 Rb6xb2
26.Bd2xa5 Rb2xc2
27.Qf3d1 Bb7xe4
28.Nb1c3 Be4d3
29.Ba5b4 Bc5xb4
30.axb4 Rc2xc3
31.Rf1e1 e4
32.Qd1a1 Rc3b3
33.Qa1a4 Rf8b8
34.Qa4xa6 Rb3xb4
35.Qa6c6 h6
36.f3 Rb4b6
37.Qc6c5 exf3
38.gxf3 Rb6b1
39.Kf2 Rb8b2
40.Kg3 Rb1xe1
41.h4 Re1e2
42.Kf4 c3
{ resign }
0-1

[Event "Tourn. n9195"]
[Site "www.chess-mail.com"]
[Date "2017.05.08"]
[Round "1"]
[White "Autmich"]
[Black "Passaroa25"]
[WhiteElo "1670"]
[BlackElo "1590"]
[Result "1-0"]
[Round "1"]
1.e4 c6
2.d4 d6
3.Ng1f3 f6
4.Nb1c3 Bc8e6
5.d5 Be6f7
6.Bf1c4 Nb8d7
7.dxc6 bxc6
8.Bc4xf7 Kxf7
9.O-O e5
10.Nf3h4 Nd7b6
11.f4 Ng8e7
12.fxe5 dxe5
13.Qd1f3 Qd8d6
14.Nh4f5 Ne7xf5
15.Qf3xf5 Bf8e7
16.Bc1e3 Nb6c4
17.Qf5f2 Nc4xb2
18.Be3xa7 Nb2c4
19.Rf1d1 Qd6c7
20.Ba7c5 Nc4b2
21.Rd1b1 Nb2c4
22.Bc5xe7 Qc7xe7
23.Qf2e2 Nc4d6
24.Rb1b6 Rh8c8
25.a4 Kf8
26.a5 Ra8a7
27.a6 Qe7c7
28.Rb6b3 g5
29.Qe2f2 Nd6b5
30.Qf2c5 Qc7d6
31.Qc5e3 Qd6d4
32.Nc3xb5 Qd4xe3
33.Rb3xe3 cxb5
34.Re3e2 h5
35.Kf2 h4
36.h3 Ke7
37.Re2d2 b4
38.Ke2 Kf7
39.Kd1 Kg6
40.Rd2d6 Kg7
41.Rd6b6 Rc8d8
42.Kc1 Kg6
43.Rb6xb4 f5
44.Rb4b6 Kh5
45.Rb6b7 Ra7xb7
46.axb7 Rd8b8
47.Ra1b1 fxe4
48.Kd2 g4
49.Ke3 gxh3
50.gxh3 Kg5
51.Kxe4 Kf6
52.Rb1b6 Ke7
53.Kxe5 Kd7
54.Kf4 Kc7
55.Rb6b3 Rb8xb7
56.Rb3xb7 Kxb7
57.Kg4 Kc6
58.Kxh4 Kc5
59.Kg5 Kd6
60.c4 Kc5
61.h4 Kxc4
62.h5 Kd4
63.h6 Ke4
64.h7 Kd4
65.h8Q Kd3
66.Qh8h4 Kc3
67.Kf5 Kd3
68.Ke5 Ke3
69.Qh4e4 Kd2
70.Qe4f3 Kc2
71.Kd4 Kc1
72.Qf3e2 Kb1
73.Kc3 Kc1
74.Qe2e1 
1-0

[Event "Tourn. n9195"]
[Site "www.chess-mail.com"]
[Date "2017.05.08"]
[Round "1"]
[White "Passaroa25"]
[Black "Cal"]
[WhiteElo "1590"]
[BlackElo "1640"]
[Result "0-1"]
[Round "1"]
1.e4 e5
2.c3 a6
3.d3 h6
4.Nb1d2 b5
5.b4 d6
6.Ng1e2 Ng8f6
7.f3 c6
8.Ne2g3 g6
9.Bf1e2 Bf8e7
10.Nd2b3 Nb8d7
11.Bc1d2 Bc8b7
12.Bd2e3 c5
13.bxc5 dxc5
14.d4 c4
15.Nb3c5 Nd7xc5
16.dxc5 Qd8c7
17.Be3f2 Ra8d8
18.Qd1c2 Be7xc5
19.O-O h5
20.Ra1d1 g5
21.Ng3f5 h4
22.Nf5g7 Kf8
23.Ng7f5 Bc5xf2
24.Kxf2 Rd8d7
25.h3 a5
26.Kg1 Rd7xd1
27.Rf1xd1 Kg8
28.Nf5d6 Bb7c6
29.Nd6f5 Bc6b7
30.Kf1 Kh7
31.Rd1d6 Kg6
32.a3 Qc7c5
33.a4 Rh8e8
34.axb5 Qc5xb5
35.Kf2 Qb5c5
36.Kf1 Bb7c8
37.Qc2d2 Bc8xf5
38.exf5 Kxf5
39.Ke1 e4
40.Qd2d4 Qc5xd4
41.Rd6xd4 exf3
42.gxf3 a4
43.Rd4xc4 Re8e5
44.Rc4xa4 Nf6h5
45.Ra4e4 Re5xe4
46.fxe4 Kg6
47.Be2xh5 Kxh5
48.Kf2 Kg6
49.Kf3 f5
50.e5 Kf7
51.c4 Ke6
52.c5 Kxe5
53.c6 Kd6
54.c7 Kxc7
55.Ke3 Kd6
56.Kd4 Ke6
57.Ke3 Ke5
58.Kf3 Kd4
59.Kf2 Ke4
60.Ke2 Kf4
61.Kf2 g4
62.hxg4 fxg4
63.Kg2 h3
{ resign }
0-1

[Event "Tourn. n9350"]
[Site "www.chess-mail.com"]
[Date "2017.05.08"]
[Round "1"]
[White "Prize64"]
[Black "Malbertan"]
[WhiteElo "2100"]
[BlackElo "2160"]
[Result "1-0"]
[Round "1"]
1.e4 e5
2.Ng1f3 Nb8c6
3.d4 exd4
4.Nf3xd4 Bf8c5
5.Nd4xc6 Qd8f6
6.Qd1d2 Qf6xc6
7.Bf1d3 Ng8f6
8.O-O O-O
9.b4 Bc5e7
10.Rf1e1 Rf8e8
11.e5 Nf6d5
12.Bd3e4 Be7xb4
13.c3 Bb4xc3
14.Nb1xc3 Qc6xc3
15.Be4xd5 Qc3xd2
16.Bc1xd2 c6
17.Bd5b3 b6
18.Ra1d1 Bc8b7
19.Bd2g5 h6
20.Rd1xd7 { resign }
1-0

[Event "Match"]
[Site "www.echecsemail.com"]
[Date "2017.05.08"]
[Round "1"]
[White "Calponas"]
[Black "Cjood"]
[WhiteElo "2060"]
[BlackElo "1879"]
[Result "0-1"]
[Round "1"]
1.e4 e5
2.Ng1f3 Nb8c6
3.Bf1b5 Ng8e7
4.O-O d6
5.Rf1e1 a6
6.Bb5f1 g6
7.c3 Bf8g7
8.d4 exd4
9.cxd4 Bc8g4
10.Bc1e3 Qd8d7
11.Nb1c3 Nc6d8
12.Bf1e2 Bg4xf3
13.Be2xf3 c6
 { time }
0-1

[Event "Match"]
[Site "www.echecsemail.com"]
[Date "2017.05.08"]
[Round "1"]
[White "Pinehill"]
[Black "Azorau"]
[WhiteElo "1980"]
[BlackElo "1830"]
[Result "1-0"]
[Round "1"]
1.e4 e5
2.d4 Nb8c6
3.d5 Nc6d4
4.c3 Nd4f5
5.exf5 d6
6.Ng1f3 Bc8xf5
7.Bf1e2 Ng8f6
8.O-O e4
9.Nf3h4 g6
10.Nh4xf5 gxf5
11.Bc1g5 Bf8e7
12.Be2b5 Kf8
13.Bg5h6 Kg8
14.f4 a6
15.Bb5a4 Nf6g4
16.Bh6g5 b5
17.Qd1d4 bxa4
18.h3 Be7f6
19.Qd4xa4 Ng4e3
20.Rf1f2 Bf6xg5
21.fxg5 Qd8xg5
22.Nb1d2 Kf8
23.Qa4d7 Ne3xd5
24.Nd2xe4 Qg5e7
25.Qd7xf5 Nd5e3
26.Qf5f3 Ne3d5
27.Ne4g5 Nd5b6
28.Ng5xf7 Ra8a7
29.Nf7xh8 Kg7
30.Nh8f7 Nb6d7
31.Qf3g3 Kf8
32.Nf7xd6 Nd7f6
33.Nd6c8 Qe7g7
34.Qg3xg7 Kxg7
35.Nc8xa7 { resign }
1-0

[Event "Match"]
[Site "www.echecsemail.com"]
[Date "2017.05.08"]
[Round "1"]
[White "Hundegana"]
[Black "Motorhead99"]
[WhiteElo "2010"]
[BlackElo "1599"]
[Result "0-1"]
[Round "1"]
1.e4 e5
2.f3 Ng8f6
3.c4 Nf6xe4
4.fxe4 Qd8h4
5.Ke2 Qh4xe4
6.Kf2 Bf8c5
7.Kg3 Qe4f4
8.Kh3 d5
9.g4 h5
10.Bf1e2 hxg4
11.Kg2 Qf4f2
{ resign }
0-1

[Event "Match"]
[Site "www.echecsemail.com"]
[Date "2017.05.08"]
[Round "1"]
[White "Whitekknight"]
[Black "Darknight"]
[WhiteElo "1950"]
[BlackElo "1780"]
[Result "1-0"]
[Round "1"]
1.d4 d5
2.e4 dxe4
3.Nb1c3 Bc8f5
4.f3 exf3
5.Qd1xf3 Bf5c8
6.Bc1f4 c6
7.O-O-O Nb8d7
8.Bf1c4 e6
9.Ng1e2 h6
10.Nc3e4 Nd7b6
11.Bc4b3 Ng8f6
12.Ne2c3 Bf8b4
13.Bf4d2 Nb6d7
14.a3 a5
15.Nc3b1 Bb4e7
16.Rh1e1 b5
17.Ne4xf6 Be7xf6
18.Qf3xc6 Ra8b8
19.c3 O-O
20.Qc6f3 a4
21.Bb3c2 Nd7b6
22.Qf3e4 g6
23.Bd2xh6 Bf6g7
24.Bh6xg7 Kxg7
25.Qe4e5 Kg8
26.Bc2d3 Bc8d7
27.Re1e4 f5
28.Re4e3 Nb6d5
29.Re3h3 Nd5f6
30.Qe5e1 Nf6h7
31.Qe1e3 Qd8c7
32.Rd1f1 e5
33.Qe3h6 Bd7e8
34.Qh6h4 Rf8f7
35.Qh4g3 Rb8b6
36.Qg3xe5 Qc7c6
37.d5 Qc6c8
38.Rf1e1 Nh7f6
39.d6 Be8d7
40.Qe5d4 Rb6b7
41.Qd4h4 Nf6h7
42.Nb1d2 g5
43.Qh4d4 g4
44.Rh3e3 Nh7f6
45.Re3e7 Rf7f8
46.Nd2f1 Qc8b8
47.Nf1g3 Qb8c8
48.Qd4f4 Rf8f7
49.Qf4g5 Kh8
50.Re7xf7 Nf6e8
51.Qg5h6 { resign }
1-0

[Event "Match"]
[Site "www.echecsemail.com"]
[Date "2017.05.08"]
[Round "1"]
[White "Winston"]
[Black "Caspito"]
[WhiteElo "1860"]
[BlackElo "1930"]
[Result "0-1"]
[Round "1"]
1.e4 e5
2.Ng1f3 Nb8c6
3.Bf1c4 a6
4.d4 exd4
5.Nf3xd4 Bf8c5
6.c3 Qd8f6
7.Bc1e3 Ng8e7
8.b4 Bc5xd4
9.Be3xd4 Nc6xd4
10.Qd1xd4 Qf6xd4
11.cxd4 d6
12.Nb1c3 c6
13.d5 O-O
14.O-O b5
15.Bc4b3 Bc8b7
16.Rf1d1 Ra8e8
17.dxc6 Bb7xc6
18.Rd1xd6 Bc6b7
19.Nc3d5 Ne7g6
20.g3 Re8xe4
21.a3 Re4e2
22.Kf1 Rf8e8
23.Nd5c7 Re8e7
24.Rd6d8 Ng6f8
25.Bb3d5 Re2d2
26.Ra1e1 Re7xc7
27.Re1e8 Rc7c1
28.Kg2 Bb7xd5
29.Kh3 g5
30.Re8xf8 Kg7
31.Rf8g8 Kf6
32.Rd8d6 Ke7
33.Rd6xa6 Rd2xf2
34.Rg8xg5 Bd5e6
35.Ra6xe6 fxe6
36.Rg5xb5 Rc1h1
{ resign }
0-1

[Event "Match"]
[Site "www.echecsemail.com"]
[Date "2017.05.08"]
[Round "1"]
[White "Sonny1000"]
[Black "Pinehill"]
[WhiteElo "1360"]
[BlackElo "1980"]
[Result "0-1"]
[Round "1"]
1.d4 Ng8f6
2.f3 d5
3.Ng1h3 Bc8xh3
4.gxh3 e6
5.Bc1f4 Bf8d6
6.Bf4xd6 Qd8xd6
7.Nb1c3 a6
8.Nc3a4 b6
9.c3 Nb8d7
10.Na4xb6 Nd7xb6
11.b3 O-O
12.h4 c5
13.Ra1c1 c4
14.b4 e5
15.a3 e4
16.f4 Qd6xf4
17.e3 Qf4xe3
18.Bf1e2 Nb6a4
19.Qd1d2 Qe3xd2
20.Kxd2 h5
21.Rc1b1 g6
22.Rh1f1 Nf6g4
23.Be2xg4 hxg4
24.Rf1f4 f5
25.b5 e3
26.Kxe3 Rf8e8
27.Kd2 Re8e2
28.Kxe2 Na4xc3
29.Kf2 Nc3xb1
30.a4 axb5
31.a5 Ra8xa5
32.Ke2 Ra5a2
33.Kf1 Ra2xh2
34.h5 Rh2xh5
35.Kg2 Nb1c3
36.Kf2 Nc3e4
37.Kf1 b4
38.Ke1 b3
39.Kd1 Rh5h1
40.Ke2 b2
41.Rf4f1 Ne4g3
42.Kf2 Rh1xf1
43.Ke3 b1Q
44.Kd2 Qb1c1
{ resign }
0-1

[Event "Match"]
[Site "www.echecsemail.com"]
[Date "2017.05.08"]
[Round "1"]
[White "Foxy100"]
[Black "Motorhead99"]
[WhiteElo "2220"]
[BlackElo "1599"]
[Result "1-0"]
[Round "1"]
1.e4 c5
2.Ng1f3 d6
3.d4 cxd4
4.Nf3xd4 Ng8f6
5.Nb1c3 e5
6.Bf1b5 Bc8d7
7.Bb5xd7 Qd8xd7
8.Nd4e2 Bf8e7
9.O-O O-O
10.h3 a6
11.Ne2g3 Nb8c6
12.Ng3f5 Rf8d8
13.Nf5e3 Nc6d4
14.Ne3d5 Ra8b8
15.Bc1e3 Nf6xd5
16.Nc3xd5 Nd4e6
17.c4 Be7f8
18.b3 Rd8e8
19.a4 f5
20.exf5 Ne6c7
21.Be3a7 Nc7xd5
22.Qd1xd5 { resign }
1-0

[Event "Match"]
[Site "www.echecsemail.com"]
[Date "2017.05.08"]
[Round "1"]
[White "Cjood"]
[Black "Griffo30"]
[WhiteElo "1849"]
[BlackElo "2020"]
[Result "0-1"]
[Round "1"]
1.e4 e6
2.c4 d5
3.exd5 exd5
4.cxd5 Qd8xd5
5.Nb1c3 Qd5d8
6.Qd1b3 Bf8d6
7.Bf1c4 Qd8e7
8.Ng1e2 Ng8f6
9.O-O O-O
10.d3 Nb8c6
11.Bc1g5 Nc6a5
12.Bg5xf6 Qe7xf6
13.Qb3a4 Na5xc4
14.Qa4xc4 Bc8e6
15.Qc4e4 c6
16.Ne2d4 Be6d7
17.g3 Rf8e8
18.Qe4g2 Qf6xd4
19.Ra1d1 Bd6b4
20.Nc3a4 b5
21.Na4c3 Bb4xc3
22.bxc3 Qd4xc3
23.f4 Bd7e6
24.Rf1e1 Be6d5
25.Re1xe8 Ra8xe8
26.Qg2f2 Qc3a3
27.Rd1a1 b4
{ resign }
0-1

[Event "Match"]
[Site "www.echecsemail.com"]
[Date "2017.05.08"]
[Round "1"]
[White "Omaciej"]
[Black "Susov"]
[WhiteElo "1319"]
[BlackElo "1890"]
[Result "1-0"]
[Round "1"]
1.e4 e5
2.Ng1f3 Nb8c6
3.Bf1c4 h6
4.d4 exd4
5.Nf3xd4 Nc6xd4
6.Qd1xd4 d6
7.O-O Qd8f6
8.Bc1e3 Qf6xd4
9.Be3xd4 c5
10.Bd4e3 Ng8f6
11.Nb1c3 Bc8d7
12.f3 Bf8e7
13.Nc3d5 Be7d8
14.Ra1d1 O-O
15.Nd5xf6 Bd8xf6
16.Rd1xd6 Bd7c6
17.Be3xc5 Bf6xb2
18.Rf1b1 Bb2e5
19.Rd6xc6 bxc6
20.Bc5xf8 Kxf8
21.Rb1b7 f6
22.Rb7f7 Ke8
23.Rf7xg7 Ra8d8
24.Bc4f7 Kf8
25.Rg7g8 Ke7
26.Rg8xd8 Kxd8
27.Kf2 a5
28.g3 c5
29.f4 Be5d4
30.Ke2 Ke7
31.Bf7b3 Kd6
32.Kd3 Bd4g1
33.h3 h5
34.g4 hxg4
35.hxg4 Bg1h2
36.f5 Ke5
37.Bb3d5 Bh2g1
38.Kc4 Bg1f2
39.Kb5 Kd4
40.Kxa5 c4
41.a4 c3
42.Ka6 Kc5
43.a5 Kb4
44.g5 fxg5
45.e5 g4
46.f6 Bf2c5
47.e6 Ka3
48.e7 { resign }
1-0

[Event "Eq:Tigers of Istanbul-Slap Shot Mates : "]
[Site "www.chess-mail.com"]
[Date "2017.05.08"]
[Round "1"]
[White "Pdebonis"]
[Black "Mihaiiorga"]
[WhiteElo "2560"]
[BlackElo "2070"]
[Result "1/2-1/2"]
[Round "1"]
1.d4 d5
2.e3 Ng8f6
3.f4 e6
4.Bf1d3 Bf8e7
5.Ng1f3 c5
6.c3 Nb8c6
7.Nb1d2 a6
8.Nf3e5 Qd8c7
9.O-O O-O
10.b3 b5
11.Bc1b2 c4
12.Bd3c2 Bc8b7
13.Qd1f3 h6
14.bxc4 bxc4
15.e4 Nc6xe5
16.fxe5 Nf6xe4
17.Nd2xe4 dxe4
18.Bc2xe4 Ra8b8
19.Bb2c1 Bb7xe4
20.Qf3xe4 { draw }
1/2-1/2

[Event "Fast Game"]
[Site "www.echecsemail.com"]
[Date "2017.05.08"]
[Round "1"]
[White "Cjood"]
[Black "Pellix84"]
[WhiteElo "1869"]
[BlackElo "1690"]
[Result "1-0"]
[Round "1"]
1.e4 c6
2.Ng1f3 d5
3.exd5 cxd5
4.d4 Ng8f6
5.c4 e6
6.c5 Bf8e7
7.Nb1c3 O-O
8.Nf3e5 Qd8c7
9.Bc1f4 Qc7a5
10.Qd1f3 Nb8c6
11.Ne5xc6 bxc6
12.Bf1d3 Bc8a6
13.Bd3xa6 Qa5xa6
14.Qf3g3 Nf6h5
15.Qg3g4 Nh5xf4
16.Qg4xf4 Qa6c4
17.O-O-O h6
18.Qf4c7 Be7f6
19.Qc7xc6 Bf6xd4
20.Qc6a4 Bd4xc5
21.Qa4xc4 dxc4
22.Nc3e4 Ra8c8
23.f4 Bc5e3
24.Kb1 Be3xf4
25.g3 Bf4e5
26.Rd1d7 Rc8b8
27.Rd7xa7 Rb8xb2
28.Kc1  { time }
1-0